000 00331nam a2200145Ia 4500
005 20250423095512.0
008 250422s9999 xx 000 0 und d
020 _a0-670-84650-3
100 _aKing, Stephen
245 0 _aGerald's game
260 _bPenguine Popular Classics
260 _c1992
300 _a332 p
942 _cBK
999 _c30470
_d30470